00983 2200325 4500001002100000005001500021035002500036008004100061020002200102040001700124082001500141084001500156245011600171250003000287260003300317300005000350650002000400700002200420700002300442700001900465850001200484007000300496090001900499090002100518504003200539710002300571999002100594990002100615990002100636INLIS00000000001500520200311105411 a0010-101500000000739151016s2015 yoia g ind d a978-602-1246-38-2 aYOPDYOGbind04223a153.93 a153.93 HIT00aHitung sendiri IQ anda /cTim Smart Solution; penyunting, Kinanti Paramesti, Kurnia Kartikawati, Noni Rosliyani aCetakan pertama, Mei 201531aYogyakarta :bB-First,c2015 aviii, 252 halaman :bilustrasi ;c26 cme+ CD 4aTes Intelegensi0 aKinanti Paramesti0 aKurnia Kartikawati0 aNoni Rosliyani aYOPDYOGta aDEP 153.93 HIT aCB-D.11 2015-387 aBibliografi: halaman [252]2 aTim Smart Solution aCB-D.11/2015-387 aCB-D.11/2015-387 aCB-D.11/2015-387